000
00325nam a2200121Ia 4500
008
220204s9999 xx 000 0 und d
082
_a
577.15(06)
_b
SHA
245
0
_a
Metabolic interconversion of enzymes. 1975.
260
_a
Berlin
_b
Springer
_c
1976
650
_a
Enzyme interconversion
700
_a
SHALTIEL, S
942
_c
BK
999
_c
25587
_d
25587